Tschechoslowakisches Leben

Bibliographic Details
New Title:Tschechoslowakisches Leben heute
Tschechisches Leben heute
Previous Title:Im Herzen Europas
Format: Journal
Language:German
PhysicalDescription:21 zv. 36 cm
Published: Prag Orbis 1972-1993
ISSN:0139-536X
0019-2589
Subjects:

MARC

LEADER 00000cas a2200000 a 4500
001 vtls010098514
003 SK-MaSNL
005 20260311075416.0
008 100523d19721993xr mr p | b0ger c
022 |a 0139-536X 
040 |a SVKPO  |b slo  |c SVKPO  |d SNK  |e AACR2 
041 0 |a ger 
043 |a e-cs--- 
044 |a xr  |c CZ 
072 7 |a 394  |x Verejný a spoločenský život. Každodenný život  |2 konspekt 
072 7 |a 316.7  |x Sociológia kultúry. Kultúrny život  |2 konspekt 
080 |a 316.728  |2 2011 
080 |a 394  |2 2011 
080 |a (437)  |2 2011 
080 |a 050  |2 2011 
080 |a (051)  |2 2011 
210 0 |a Tschechoslow. Leb. 
222 0 |a Tschechoslowakisches Leben 
245 0 0 |a Tschechoslowakisches Leben 
246 1 1 |a Československý život 
260 |a Prag  |b Orbis  |c 1972-1993 
300 |a 21 zv.  |c 36 cm 
310 |a 1x mesačne 
362 0 |a Jahrg. 1, Nr. 1 (1972)-Jahrg. 21, Nr. 12 (1992)  |z NKP 
650 0 7 |a každodenný život  |2 SNKPH  |9 4946 
651 7 |a Československo  |2 SNKPHgeo  |9 21376 
655 7 |a časopisy  |2 SNKPH  |9 76610 
775 0 |t Czechoslovak life  |x 0011-4634 
775 0 |t Vida Checoslovaca  |x 0139-8334 
775 0 |t Vita Cecoslovacca  |x 0139-6560 
775 0 |t Vie tchécoslovaque  |x 0139-6463 
780 0 0 |t Im Herzen Europas  |x 0019-2589 
785 1 0 |t Tschechoslowakisches Leben heute 
785 0 0 |t Tschechisches Leben heute 
910 |a snk 
999 |c 1082  |d 3012 
952 |t č. 1-12  |a SNK  |b SNK  |y PREZ  |7 0  |p 17A0616344  |o snkČB 2538/1981  |i snkČIP 471/82  |0 0  |1 1  |4 0  |d 2009-07-13  |l 0  |r 2026-02-21 19:31:06  |w 2026-02-21 
952 |t č. 1-12  |a SNK  |b SNK  |y PREZ  |7 0  |p 17A0621011  |o snkČB 2538/1982  |i snkČIP 2442/82  |0 0  |1 1  |4 0  |d 2009-07-13  |l 0  |r 2026-02-21 19:31:06  |w 2026-02-21 
952 |t č. 1-12  |a SNK  |b SNK  |y PREZ  |7 0  |p 17A0621087  |o snkČB 2538/1985  |i snkČIP 508/86  |0 0  |1 1  |4 0  |d 2009-07-13  |l 0  |r 2026-02-21 19:31:06  |w 2026-02-21 
952 |t č. 1-12  |a SNK  |b SNK  |y PREZ  |7 0  |p 17A0621082  |o snkČB 2538/1986  |i snkČIP 1369/87  |0 0  |1 1  |4 0  |d 2009-07-13  |l 0  |r 2026-02-21 19:31:06  |w 2026-02-21 
952 |t č. 1-12  |a SNK  |b SNK  |y PREZ  |7 0  |p 17A0621083  |o snkČB 2538/1987  |i snkČIP 2221/88  |0 0  |1 1  |4 0  |d 2009-07-13  |l 0  |r 2026-02-21 19:31:06  |w 2026-02-21 
952 |t č. 1-12  |a SNK  |b SNK  |y PREZ  |7 0  |p 17A0621097  |o snkČB 2538/1988  |i snkČIP 3571/89  |0 0  |1 1  |4 0  |d 2009-07-13  |l 0  |r 2026-02-21 19:31:06  |w 2026-02-21 
952 |t č. 1-12  |a SNK  |b SNK  |y PREZ  |7 0  |p 17A0621200  |o snkČB 2538/(17)/1974  |i snkČIP 1379/75  |0 0  |1 1  |4 0  |d 2009-07-10  |l 0  |r 2026-02-21 19:31:07  |w 2026-02-21 
952 |t č. 1-12  |a SNK  |b SNK  |y PREZ  |7 0  |p 17A0614277  |o snkČB 2538/(18)/1975  |i snkČIP 2445/76  |0 0  |1 1  |4 0  |d 2009-07-10  |l 0  |r 2026-02-21 19:31:07  |w 2026-02-21 
952 |t č. 1-12  |a SNK  |b SNK  |y PREZ  |7 0  |p 17A0614501  |o snkČB 2538/(15)/1972  |i snkČIP 1446/73  |0 0  |1 1  |4 0  |d 2009-07-10  |l 0  |r 2026-02-21 19:31:07  |w 2026-02-21 
952 |t č. 1-12  |a SNK  |b SNK  |y PREZ  |7 0  |p 17A0621019  |o snkČB 2538/1984  |i snkČIP 532/85  |0 0  |1 1  |4 0  |d 2009-07-13  |l 0  |r 2026-02-21 20:15:17  |w 2026-02-21 
952 |t č. 1-12  |a SNK  |b SNK  |y PREZ  |7 0  |p 17A0621208  |o snkČB 2538/(16)/1973  |i snkČIP 1371/74  |0 0  |1 1  |4 0  |d 2009-07-10  |l 0  |r 2026-02-21 20:15:17  |w 2026-02-21 
952 |t č. 1-12  |a SNK  |b SNK  |y PREZ  |7 0  |p 17A0621067  |o snkČB 2538/1983  |i snkČIP 2457/83  |0 0  |1 1  |4 0  |d 2009-07-13  |l 0  |r 2026-02-21 20:16:49  |w 2026-02-21 
952 |t č. 1-12  |a SNK  |b SNK  |y PREZ  |7 0  |p 17A0616977  |o snkČB 2538/1989  |i snkČIP 4737/90  |0 0  |1 1  |4 0  |d 2009-05-05  |l 0  |r 2026-02-21 20:28:56  |w 2026-02-21 
952 |t č. 1-12  |a SNK  |b SNK  |y PREZ  |7 0  |p 17A0616813  |o snkČB 2538/1990  |i snkČIP 288/94  |0 0  |1 1  |4 0  |d 2009-05-05  |l 0  |r 2026-02-21 20:28:56  |w 2026-02-21 
952 |t č. 1-12  |a SNK  |b SNK  |y PREZ  |7 0  |p 17A0616978  |o snkČB 2538/1991  |i snkČIP 294/94  |0 0  |1 1  |4 0  |d 2009-05-05  |l 0  |r 2026-02-21 20:28:56  |w 2026-02-21 
952 |t č. 1-12  |a SNK  |b SNK  |y PREZ  |7 0  |p 17A0616979  |o snkČB 2538/1992  |i snkČIP 302/94  |0 0  |1 1  |4 0  |d 2009-05-05  |l 0  |r 2026-02-21 20:28:56  |w 2026-02-21